[Event "?"]
[Site "?"]
[Date "????.??.??"]
[Round "?"]
[White "Oehl, T."]
[Black "Bohn, U."]
[Result "1/2-1/2"]
[WhiteElo "2120"]
[BlackElo "2167"]
[PlyCount "97"]
[EventDate "2014.??.??"]

1. Nf3 Nf6 2. g3 g6 3. b3 Bg7 4. Bb2 c5 5. c4 Nc6 6. Bg2 O-O 7. O-O d6 8. d3
Re8 9. Qd2 Rb8 10. Nc3 a6 11. a4 Bg4 12. e3 Qc8 13. Rfe1 Nd7 14. Rf1 Nde5 15.
Ne1 Bh3 16. Ne2 b5 17. d4 Bxg2 18. Kxg2 cxd4 19. exd4 bxc4 20. dxe5 Rxb3 21.
Bc3 Nxe5 22. Rc1 Qc6+ 23. Kg1 Qxa4 24. f4 Ng4 25. Bxg7 Kxg7 26. Qd4+ f6 27. Ng2
Rb4 28. Nc3 Qc6 29. h3 Nh6 30. g4 e5 31. fxe5 fxe5 32. Qd5 Qb6+ 33. Kh1 Re7 34.
Ne4 Nf7 35. Rxc4 Rb5 36. Rc6 Qb7 37. Rxf7+ Rxf7 38. Qxd6 Qe7 39. Rxa6 Qxd6 40.
Nxd6 Rb1+ 41. Kh2 Rf3 42. Ra7+ Kg8 43. Ra2 h6 44. Nh4 Rf6 45. Ne4 Rfb6 46. Kg3
R6b3+ 47. Nf3 Rf1 48. Rf2 Re1 49. Ned2 1/2-1/2

[Event "?"]
[Site "?"]
[Date "????.??.??"]
[Round "?"]
[White "Eskandary, J."]
[Black "Bade, H."]
[Result "0-1"]
[WhiteElo "2116"]
[BlackElo "2028"]
[PlyCount "164"]
[EventDate "2014.??.??"]

1. e4 c5 2. Nc3 Nc6 3. Bc4 e6 4. d3 Nf6 5. Bf4 a6 6. e5 Qc7 7. Bg3 Nxe5 8. d4
cxd4 9. Qxd4 Qxc4 10. Qxe5 Bb4 11. Nge2 Qe4 12. Qg5 Bxc3+ 13. bxc3 O-O 14. Bd6
Re8 15. Rc1 b5 16. f3 Qg6 17. Qxg6 hxg6 18. h4 Bb7 19. Kf2 e5 20. Rhd1 Re6 21.
a3 Rc8 22. Bb4 d5 23. Re1 Rce8 24. Rcd1 Nd7 25. Nc1 Rc8 26. Nb3 Ba8 27. Ba5 Nc5
28. Nxc5 Rxc5 29. Re2 Rc4 30. g3 f6 31. Bb4 Kf7 32. Rdd2 Rb6 33. Rd1 Rb8 34.
Kg2 Ke6 35. Kf2 Bc6 36. f4 e4 37. Rd4 Rxd4 38. cxd4 Bd7 39. Re3 Rc8 40. Rc3
Rxc3 41. Bxc3 Kf5 42. Bd2 Kg4 43. Kg2 Bf5 44. Be3 Kh5 45. c3 Bg4 46. Bd2 Bf3+
47. Kf2 Kg4 48. Be3 Kf5 49. Ke1 Ke6 50. Kd2 Kd6 51. Kc2 Kc6 52. Kb2 Kb6 53. Bd2
Be2 54. Kb3 Bc4+ 55. Kb2 f5 56. Be3 Ka5 57. Bf2 Ka4 58. Be3 Bf1 59. Bf2 a5 60.
Be3 Be2 61. Bd2 Bd3 62. Be3 b4 63. axb4 axb4 64. cxb4 Kxb4 65. Bd2+ Kc4 66. Be3
Bb1 67. Kxb1 Kd3 68. Bf2 Kd2 69. Kb2 e3 70. Bg1 e2 71. Bf2 e1=Q 72. Bxe1+ Kxe1
73. Kc3 Ke2 74. Kb4 Kd3 75. Kc5 Ke4 76. Kd6 Kxd4 77. Ke6 Ke4 78. Kf7 d4 79.
Kxg6 d3 80. Kxg7 d2 81. h5 d1=Q 82. h6 Qg4+ 0-1

[Event "?"]
[Site "?"]
[Date "????.??.??"]
[Round "?"]
[White "Otikova, E."]
[Black "Kleibaumhüter, K."]
[Result "1-0"]
[WhiteElo "1928"]
[BlackElo "2066"]
[PlyCount "141"]
[EventDate "2014.??.??"]

1. e4 e6 2. d4 d5 3. exd5 exd5 4. Nf3 c5 5. Bb5+ Nc6 6. O-O Bd6 7. dxc5 Bxc5 8.
c4 Nge7 9. Nc3 Be6 10. Ng5 O-O 11. Qh5 h6 12. Nxe6 fxe6 13. Qg4 Rf6 14. cxd5
exd5 15. Bf4 Qb6 16. Qg3 Raf8 17. Bxc6 Qxc6 18. Be5 Rg6 19. Qd3 d4 20. Ne4 Qd5
21. Rac1 Bb6 22. Qc4 Rc6 23. Qxd5+ Nxd5 24. Nd6 Nb4 25. Rxc6 bxc6 26. Nc4 Nd3
27. Bd6 Rf6 28. b3 Bc5 29. Bxc5 Nxc5 30. Rd1 Ne6 31. b4 Rf8 32. Ne5 Rc8 33. Kf1
a5 34. Rc1 axb4 35. Rxc6 Re8 36. Nd3 Kf7 37. Nxb4 Ra8 38. Ra6 Rc8 39. Rc6 Ra8
40. Ra6 Rc8 41. Ra7+ Kf6 42. Nd3 Kf5 43. Ke2 Ke4 44. Kd2 Rc3 45. f3+ Kd5 46.
Ra8 Rc4 47. Ra5+ Kd6 48. Ra6+ Kd5 49. Ra7 Kd6 50. Rd7+ Kxd7 51. Ne5+ Kd6 52.
Nxc4+ Kd5 53. Nb2 Nf4 54. g3 Ne6 55. h4 g5 56. hxg5 Nxg5 57. Ke2 Kc5 58. f4 Ne4
59. Kf3 Nd2+ 60. Kg4 Nc4 61. Nd3+ Kd5 62. f5 Ke4 63. Nc5+ Kd5 64. Nb3 Ke4 65.
f6 d3 66. Kh5 Ne5 67. Kxh6 Kf5 68. Kg7 Ke6 69. g4 Nf7 70. a4 Nd6 71. g5 1-0

[Event "?"]
[Site "?"]
[Date "????.??.??"]
[Round "?"]
[White "Gehrmann, U."]
[Black "Gaitzsch, M."]
[Result "1/2-1/2"]
[WhiteElo "2052"]
[BlackElo "2058"]
[PlyCount "107"]
[EventDate "2014.??.??"]

1. d4 Nf6 2. c4 e6 3. Nc3 Bb4 4. e3 c5 5. Nge2 O-O 6. a3 cxd4 7. exd4 Be7 8.
Nf4 d6 9. Be2 Nbd7 10. O-O a6 11. Be3 Qc7 12. Qd2 b6 13. Bf3 Bb7 14. Bxb7 Qxb7
15. Qd3 Rfc8 16. Rfc1 Rc7 17. f3 Rac8 18. b3 Nf8 19. a4 N8d7 20. Bd2 Kh8 21. a5
bxa5 22. Na4 Rg8 23. Bxa5 Rcc8 24. Rab1 g5 25. Ne2 Nf8 26. Nac3 Ng6 27. d5 e5
28. Ne4 Nh5 29. g4 Nhf4 30. Nxf4 Nxf4 31. Qe3 f5 32. Ng3 fxg4 33. fxg4 Bf6 34.
Bd2 Qd7 35. Nf5 h5 36. h3 hxg4 37. hxg4 Rg7 38. Kf2 Rh7 39. Rh1 Kg8 40. Qf3 e4
41. Qxe4 Re8 42. Rxh7 Kxh7 43. Qh1+ Kg8 44. Bxf4 gxf4 45. Re1 Qa7+ 46. Kf1
Rxe1+ 47. Kxe1 Qc5 48. Kf1 Qa3 49. Qe4 Qa1+ 50. Qe1 Qb2 51. Qe8+ Kh7 52. Qf7+
Kh8 53. Qf8+ Kh7 54. Qf7+ 1/2-1/2